|
|
|
|
| LEADER |
01127nam a22002297a 4500 |
| 020 |
|
|
|a 81-8264-149-7
|
| 082 |
|
|
|a 894.8113
|b PAM/S P8.M
|
| 100 |
|
|
|a പാമ;
|9 74022
|
| 100 |
|
|
|a Pama
|9 59649
|
| 240 |
|
|
|a Sangathi
|
| 245 |
|
|
|a സംഗതി
|
| 250 |
|
|
|a 2nd / 1st (2005)
|
| 260 |
|
|
|a Kozhikode;
|b Mathrubhumi Books;
|c 2008
|
| 300 |
|
|
|a xii;143p.
|
| 650 |
|
|
|a മലയാളം; നോവല്; മലയാളം നോവല്; തമിഴ് വിവര്ത്തന നോവല്
|9 276701
|
| 650 |
|
|
|a Malayalam;Novel; Malayalam Novel; Tamil Translated Novel
|9 276539
|
| 700 |
|
|
|a വിജയകുമാ൪ കുന്നിശ്ശേരി, വിവ.
|9 74507
|
| 700 |
|
|
|a Vijayakumar Kunissery, Tr.
|9 59588
|
| 942 |
|
|
|c BK
|
| 999 |
|
|
|c 43394
|d 43394
|
| 952 |
|
|
|0 0
|1 0
|4 0
|6 894_811300000000000_PAM_S_P8_M
|7 0
|8 NOVET
|9 50023
|a MAL
|b MAL
|d 2015-08-24
|e 50736
|g 75.00
|l 0
|o 894.8113 PAM/S P8.M
|p MAL050736
|r 2015-08-24
|t 1
|w 2015-08-24
|y BK
|
| 952 |
|
|
|0 0
|1 0
|4 0
|6 894_811300000000000_PAM_S_P8_M1
|7 0
|8 NOVET
|9 50024
|a MAL
|b MAL
|d 2015-08-24
|e 50431
|g 75.00
|l 0
|o 894.8113 PAM/S P8.M;1
|p MAL050431
|r 2015-08-24
|t 2
|w 2015-08-24
|y BK
|